Vista normal
Vista MARC
Entrada Topical Term
Número de registros utilizados en: 1
001 - CONTROL NUMBER
- control field: 58711
003 - CONTROL NUMBER IDENTIFIER
- control field: OSt
005 - DATE AND TIME OF LATEST TRANSACTION
- control field: 20250225105848.0
008 - FIXED-LENGTH DATA ELEMENTS
- fixed length control field: 250225|| aca||aabn | a|a d
040 ## - CATALOGING SOURCE
- Original cataloging agency: OSt
- Transcribing agency: OSt
150 ## - HEADING--TOPICAL TERM
- Topical term or geographic name entry element: Animales fantásticos en la literatura
670 ## - SOURCE DATA FOUND
- Source citation: Work cat.: (OSt)56954: Bailly, Pierre, 1970- autor 58708, Bolita de pelo: